[Event "Olympiad Women 2024"]
[Site "Budapest HUN"]
[Date "2024.09.16"]
[Round "6.10"]
[Board "2"]
[White "Balabayeva, Xeniya"]
[Black "Arribas Robaina, Maritza"]
[Result "1-0"]
[WhiteElo "2335"]
[BlackElo "2143"]
[PlyCount "73"]
[EventDate "2024.09.11"]
[WhiteTeam "Kazakhstan"]
[BlackTeam "Cuba"]
[WhiteTeamCountry "KAZ"]
[BlackTeamCountry "CUB"]

1. d4 d5 2. Bf4 Nf6 3. e3 e6 4. Nf3 Bd6 5. Bg3 O-O 6. Nbd2 c5 7. c3 Qc7 8. Bxd6 ({RR} 8. dxc5 Qxc5 9. Bd3 Re8 10. e4 Bxg3 11. hxg3 e5 12. O-O Be6 13. Ng5 Nc6 14. Nxe6 fxe6 15. Qe2 Rad8 16. Rad1 Qb6 17. Nf3 g6 18. b4 Qc7 19. a3 Kg7 20. Rfe1 a6 21. c4 a5 22. b5 dxe4 {0-1 Nihal,S (2620)-Aravindh,C (2641) Sukooon Resort Indian rapid 2020 (5.5)}) 8... Qxd6 9. Ne5 Nfd7 10. Ndf3 f6 $146 ({RR} 10... Nc6 11. Nxd7 Bxd7 12. Qb3 c4 13. Qc2 b5 14. Be2 Rab8 15. a3 a5 16. O-O b4 17. axb4 axb4 18. e4 b3 19. Qc1 Ra8 20. Qe3 Ra2 21. e5 Qc7 22. Rxa2 bxa2 23. Ra1 Ra8 24. Bd1 Qb8 25. Qd2 {½-½ Kovalev,V (2559)-Zerey,D (2038) 10th Cesme Open A 2024 (7.2)}) 11. Nxd7 Nxd7 12. Be2 b6 13. O-O Bb7 14. c4 Rfd8 15. Rc1 Kh8 16. dxc5 Nxc5 17. b4 Ne4 18. Qb3 dxc4 19. Bxc4 e5 20. Rfd1 Qe7 21. Bd5 Bxd5 22. Rxd5 Rac8 23. Rxd8+ Rxd8 24. h3 g6 25. Qc2 Nd6 26. Qb3 Kg7 27. Rc6 Nf7 28. Qc4 Rd6 29. b5 Rxc6 30. Qxc6 Nd8 31. Qd5 Nf7 32. g4 Qd6 33. Qb7 Qb4 34. g5 Qxb5 35. Qxa7 Qc6 36. gxf6+ Kxf6 37. Qxf7+ 1-0

[Event "Olympiad Women 2024"]
[Site "Budapest HUN"]
[Date "2024.09.16"]
[Round "6.10"]
[Board "4"]
[White "Kairbekova, Amina"]
[Black "Forgas Moreno, Yaniela"]
[Result "1-0"]
[WhiteElo "2243"]
[BlackElo "2203"]
[PlyCount "103"]
[EventDate "2024.09.11"]
[WhiteTeam "Kazakhstan"]
[BlackTeam "Cuba"]
[WhiteTeamCountry "KAZ"]
[BlackTeamCountry "CUB"]

1. e4 c6 2. d4 d5 3. e5 Bf5 4. Nf3 e6 5. Be2 Bg6 6. O-O Nh6 7. a4 ({RR} 7. Nbd2 Nd7 8. Nb3 a6 9. a4 Rc8 10. a5 Nf5 11. c3 Be7 12. g4 Nh4 13. Nxh4 Bxh4 14. f4 f5 15. Bd3 O-O 16. Be3 Qe8 17. g5 Bh5 18. Be2 Bg6 19. Nd2 h6 20. Nf3 hxg5 21. fxg5 f4 {1-0 Mahdavi,R (2362)-Nasir,Z (2057) Titled Tue 2nd Apr Early 2024 (7)}) 7... Be7 8. c3 ({RR} 8. a5 O-O 9. Bxh6 gxh6 10. Qd2 Nd7 11. c3 h5 12. b4 f6 13. Na3 Qc7 14. Qe3 fxe5 15. Nxe5 Nxe5 16. dxe5 a6 17. Rac1 c5 18. Nc2 Kh8 19. bxc5 Bxc2 20. Rxc2 Bxc5 21. Qh6 Qxe5 22. Bd3 Rf7 {0-1 Grischuk,A (2777)-Artemiev,V (2731) Wch Blitz Moscow 2019 (5)}) 8... O-O 9. a5 Nd7 $146 ({RR} 9... c5 10. Bxh6 gxh6 11. Nbd2 Nc6 12. Qa4 Rc8 13. a6 b6 14. Bb5 Qc7 15. Rfe1 cxd4 16. Rac1 d3 17. Qf4 Kg7 18. h4 h5 19. Re3 Bc5 20. Nd4 Ne7 21. Bxd3 Bxd4 22. Qxd4 Nc6 23. Qf4 f6 24. exf6+ {1-0 Abdusattorov,N (2627)-Artemiev,V (2716) Titled Tuesday intern op 26th May blitz 2020 (10)}) 10. Bxh6 gxh6 11. Ne1 f6 12. Bg4 fxe5 13. Bxe6+ Kh8 14. Bxd7 Qxd7 15. dxe5 Qe6 16. Qe2 Rae8 17. f4 Bc5+ 18. Kh1 Qf5 19. Nd2 Bh5 20. Ndf3 Qxf4 21. Nd3 Qe4 22. Qd1 Be7 23. Ra4 Qe3 24. Nde1 Bg6 25. Nc2 Qd3 26. Ncd4 Bg5 27. Qa1 c5 28. Rd1 Qa6 29. Nb3 Bc2 30. Nxc5 Qc6 31. b4 Bxd1 32. Qxd1 Be3 33. Ra1 Bxc5 34. bxc5 Qxc5 35. Qd2 Rc8 36. Qxh6 Qxc3 37. Rf1 Qd3 38. Rc1 Qg6 39. Qd2 Rxc1+ 40. Qxc1 Qe4 41. h3 d4 42. Qc5 Kg7 43. Qe7+ Kg8 44. Qe6+ Kh8 45. Qe7 Qf4 46. Qxb7 d3 47. e6 Rb8 48. Qd7 Rb1+ 49. Ng1 Qe3 50. Qe8+ Kg7 51. Qf7+ Kh6 52. Qf6+ 1-0

[Event "Olympiad Women 2024"]
[Site "Budapest HUN"]
[Date "2024.09.16"]
[Round "6.11"]
[Board "1"]
[White "Stefanova, Antoaneta"]
[Black "Theissl Pokorna, Regina"]
[Result "1/2-1/2"]
[WhiteElo "2416"]
[BlackElo "2302"]
[PlyCount "43"]
[EventDate "2024.09.11"]
[WhiteTeam "Bulgaria"]
[BlackTeam "Austria"]
[WhiteTeamCountry "BUL"]
[BlackTeamCountry "AUT"]

1. e4 e5 2. Nf3 Nc6 3. Nc3 Nf6 4. Bb5 Bb4 5. O-O O-O 6. Bxc6 dxc6 7. d3 Re8 8. Ne2 Bf8 ({RR} 8... Bd6 9. Ng3 c5 10. b3 Nd7 11. Nd2 Nf8 12. a4 Ng6 13. Nc4 Bf8 14. Kh1 b6 15. Qh5 a6 16. Ne2 Be6 17. f4 exf4 18. Nxf4 Nxf4 19. Bxf4 b5 20. Ne3 g6 21. Qf3 Bg7 22. Rad1 Qd7 23. axb5 {½-½ Grischuk,A (2745)-Deac,B (2700) PRO League Prelim 2023 (3.4)}) 9. h3 ({RR} 9. Ng3 g6 10. h3 Bg7 11. Be3 h6 12. Qd2 Kh7 13. Nh2 Be6 14. f4 exf4 15. Bxf4 Nd7 16. Rae1 c5 17. Ne2 Ne5 18. Kh1 Qd7 19. Qe3 b6 20. Ng1 Rad8 21. Ngf3 Nxf3 22. Nxf3 a5 23. b3 a4 {1-0 Rey Martinez,J (2266)-Bochnicka,V (2343) Titled Tue 20th Aug Late 2024 (2)}) 9... a5 $146 ({RR} 9... c5 10. b3 c6 11. Be3 Qd6 12. Nd2 Qc7 13. f4 exf4 14. Bxf4 Bd6 15. Bxd6 Qxd6 16. Qe1 Nh5 17. g4 Qg6 18. Qh4 Nf6 19. Nf4 Qh6 20. Qxh6 gxh6 21. Rf2 Re7 22. Raf1 Bd7 23. Nc4 Rd8 24. Ne2 {1-0 Siddharth,R (2348)-Surada Yashaswi Satya Gangadh (1464) 14th Chennai Open 2023-24 (1.14)}) ({RR} 9... Qd6 10. Ng3 g6 11. d4 Nd7 12. Be3 Bg7 13. c3 c5 14. dxe5 Qxd1 15. Raxd1 b6 16. Rfe1 Nxe5 17. Nxe5 Bxe5 18. f4 Bd6 19. e5 Be7 20. Bf2 Be6 21. a3 Rad8 22. Ne4 Kg7 23. g4 Bb3 24. Rxd8 {1-0 Boehnke,M-Pimmingstorfer,C Ruhrgebiet VL2 9798 1997}) ({RR} 9... c5 10. b3 b6 11. Bb2 Nd7 12. Nd2 Bd6 13. Nc4 Nf8 14. f4 f6 15. f5 a5 16. a4 g6 17. g4 Nd7 18. h4 Bf8 19. Ng3 Bg7 20. Qf3 Rf8 21. Rf2 Nb8 22. Raf1 Nc6 23. Qg2 Nd4 24. Bc1 {1-0 Podlesnik,B (2415)-Kolar,S (2155) Pula op 12th 1998 (3)}) 10. a4 c5 11. b3 Nd7 12. Nh2 Ra6 13. Bd2 Nb8 14. f4 exf4 15. Nxf4 Nc6 16. Bc3 Nd4 17. Qd2 Rf6 18. Nd5 Rg6 19. Nf4 Rf6 20. Nd5 Rg6 21. Nf4 Rf6 22. Nd5 1/2-1/2

[Event "Olympiad Women 2024"]
[Site "Budapest HUN"]
[Date "2024.09.16"]
[Round "6.12"]
[Board "2"]
[White "Lakos, Nikoletta"]
[Black "Milliet, Sophie"]
[Result "1/2-1/2"]
[WhiteElo "2192"]
[BlackElo "2348"]
[PlyCount "42"]
[EventDate "2024.09.11"]
[WhiteTeam "Hungary B"]
[BlackTeam "France"]
[BlackTeamCountry "FRA"]

1. e4 c5 2. Nf3 e6 3. g3 Nc6 4. Bg2 Nf6 5. Nc3 d6 6. d4 cxd4 7. Nxd4 Bd7 8. O-O Be7 9. h3 O-O 10. Kh2 ({RR} 10. g4 Nxd4 11. Qxd4 Bc6 12. Be3 a6 13. Rad1 Qc7 14. Qd2 b5 15. g5 Nd7 16. f4 Rfe8 17. e5 d5 18. Ne2 b4 19. Nd4 Rac8 20. h4 Bb7 21. h5 Bc5 22. Rf2 Bxd4 23. Bxd4 a5 24. c3 bxc3 {0-1 Vachier Lagrave,M (2716)-Tregubov,P (2646) EU-Cup 24th Kallithea 2008 (2)}) ({RR} 10. Nb3 Rc8 11. f4 b5 12. Be3 b4 13. Nb5 d5 14. e5 Ne4 15. Bxe4 dxe4 16. Nd6 Rb8 17. Nxe4 Qc7 18. Bc5 Rfd8 19. Bxe7 Nxe7 20. Nd6 Bc6 21. Qe2 Bd5 22. Qf2 Nc8 23. Nxc8 Rbxc8 24. Nd4 Ba8 {0-1 Skak,A (1969)-Assylov,M (2300) FIDE World Rapid Team 2024 (8.9)}) 10... Nxd4 11. Qxd4 Bc6 12. a4 $146 ({RR} 12. Be3 Qa5 13. f4 e5 14. Qd2 exf4 15. gxf4 Rfe8 16. Bd4 Qc7 17. Rae1 b5 18. a3 a5 19. Re3 Qb7 20. Rfe1 Bd8 21. Nd5 Bxd5 22. exd5 Rxe3 23. Rxe3 Bb6 24. Bxb6 Qxb6 25. Rb3 Rc8 26. Qd3 Rc5 {1-0 Puc,S-Stupica,J YUG-ch16 Zagreb 1961 (6)}) ({RR} 12. Be3 a6 13. Rad1 Rc8 14. f4 b5 15. a3 Qc7 16. Rf2 Qb7 17. Qb6 Qa8 18. Qa7 Qxa7 19. Bxa7 e5 20. fxe5 dxe5 21. Nd5 Bxd5 22. exd5 Bd6 23. Be3 Nd7 24. Bf1 Bc5 25. Bxc5 Nxc5 26. Re2 f6 {0-1 Popovic,M (2305)-Milovanovic,R (2430) Cetinje 1996}) ({RR} 12. Be3 Qa5 13. f4 Rfe8 14. a3 a6 15. Rad1 Rac8 16. Rf2 Bf8 17. Qd3 Red8 18. Qe2 Qc7 19. Bd4 Be7 20. Qe3 Nd7 21. Qf3 b5 22. f5 Bf6 {½-½ Kozyrev,D (2191)-Khoshev,S (2157) Kstovo op 2008 (6)}) 12... a6 13. a5 Rc8 14. Rd1 Nd7 15. Be3 Qc7 16. f4 Kh8 17. Qd2 Rcd8 18. Bd4 Bf6 19. Be3 Be7 20. Bd4 Bf6 21. Be3 Be7 1/2-1/2

[Event "Olympiad Women 2024"]
[Site "Budapest HUN"]
[Date "2024.09.16"]
[Round "6.12"]
[Board "3"]
[White "Guichard, Pauline"]
[Black "Karacsonyi, Kata"]
[Result "1-0"]
[WhiteElo "2374"]
[BlackElo "2233"]
[PlyCount "85"]
[EventDate "2024.09.11"]
[WhiteTeam "France"]
[BlackTeam "Hungary B"]
[WhiteTeamCountry "FRA"]

1. d4 {Edouard,Romain} Nf6 2. c4 e6 3. Nf3 d5 4. Nc3 dxc4 5. e4 b5 6. e5 Nd5 7. Nxb5 Nb6 8. a4 ({RR} 8. a3 Nc6 9. Be3 Na5 10. Qc2 a6 11. Nc3 Be7 12. Rd1 Bb7 13. Be2 Qd7 14. h4 Bc6 15. Rh3) ({RR} 8. Be2 Nc6 9. O-O Be7 10. Qd2 Qd7 11. Rd1 Bb7 12. Nc3 Nb4 13. Qf4 f5 14. exf6 gxf6 15. b3 cxb3 16. axb3) 8... Qd7 ({RR} 8... a5 9. Be2 Be7 10. O-O Nc6 11. Be3 Ba6 12. Nd2 O-O 13. Nxc4) ({RR} 8... Nc6 9. a5 Ba6 10. Na3 Bb4+ 11. Bd2 c3 12. bxc3 ({RR} 12. Bxa6) 12... Bxf1 13. axb6 Bxg2 14. Rg1 Bxf3 15. Qxf3 Nxd4 16. Qe4 axb6 17. cxb4 Qd5 18. Qxd5 exd5 19. Rg3) 9. Bd2 ({RR} 9. Be2 Nc6 10. O-O Na5 11. Ng5 ({RR} 11. Rb1 Bb7 12. b4 cxb3 13. Bd2 Nac4 14. Qxb3 Bd5 15. Qd1) 11... h6 ({RR} 11... Be7 12. Ne4 a6 13. Nc5 Qc6 ({RR} 13... Bxc5 14. dxc5 axb5 15. cxb6 cxb6 16. axb5) 14. Bf3 Nd5 15. Nc3) ({RR} 11... Nb3 12. d5 a6 ({RR} 12... Nxa1 13. dxe6 fxe6 14. Nxe6) 13. Nd4 ({RR} 13. dxe6 fxe6 14. Qxd7+ Kxd7 15. Rd1+ Nd5 16. Bxc4 Nxa1 17. Nxe6 axb5 18. Bxd5 Rxa4) 13... Nxd4 ({RR} 13... Nxa1 14. dxe6 fxe6 15. Bf3 Nd5 16. Bg4) 14. Qxd4 h6 15. a5 Nxd5 16. Ne4 Be7 17. Qxc4) ({RR} 11... Bb7 12. Bh5 g6 13. Bf3) 12. Ne4 Bb7 13. Nc5 Bxc5 14. dxc5 Nd5 15. Ra3 a6 ({RR} 15... O-O 16. Bxh6 gxh6 17. Rg3+ Kh8 18. Qd2 f5 19. exf6 Rxf6 20. Qxa5) 16. Nd4 Ne7 17. Qd2 ({RR} 17. Rg3 O-O-O 18. Be3) 17... Qd5 18. Rg3 Qxc5 19. b4 ({RR} 19. Qf4 Rg8 ({RR} 19... g6 20. b4 cxb3 21. Nxb3 Nxb3 22. Rxb3 Qd5 23. Rg3) ({RR} 19... Nd5 20. Qh4) ({RR} 19... O-O-O 20. Be3) 20. b4 cxb3 ({RR} 20... Qxb4 21. Bh5 g6 22. Ba3) 21. Nxb3 Nxb3 22. Rxb3 g5 23. Qe3 Qxe3 24. fxe3 Bc6 25. Bh5 Rg7 26. Rc3) ({RR} 19. Rxg7 O-O-O) 19... cxb3 20. Ba3 ({RR} 20. Nxb3 Nxb3 21. Rxb3 Qd5 22. Qxd5 Bxd5 23. Rc3) 20... Qxa3 21. Qxa5 Bd5 22. Rxg7 ({RR} 22. Qc3 Qa2) 22... c5 23. Bh5 cxd4 {0-1 Carlsen,M (2863)-Nakamura,H (2736) Carlsen Tour Final rapid 2020 (2.21)} {RR} 24. Bxf7+ Kf8) 9... Ba6 $146 ({RR} 9... Bb7 10. Be2 Be7 11. Na3 Nxa4 12. Nxc4 Nb6 13. Na5 Bd5 14. Qc2 O-O 15. O-O h6 16. Rfc1 Rc8 17. b4 c6 18. Ne1 Bg5 19. Ra3 Qe7 20. f4 Bxf4 21. Bxf4 Qxb4 22. Qc3 Qxc3 23. Raxc3 Rc7 24. Nd3 {1-0 Gasparyan,E (2350)-Kienboeck,B (2214) 32nd EY Open U18 2024 (2.21)}) ({RR} 9... a6 10. Na3 Bxa3 11. Rxa3 a5 12. b3 cxb3 13. Bb5 c6 14. Bd3 Ba6 15. Qxb3 Bxd3 16. Qxd3 Qd5 17. O-O N8d7 18. Rc1 h6 19. Qc2 O-O 20. Qxc6 Rfc8 21. Qxd5 Rxc1+ 22. Bxc1 Nxd5 23. Bd2 N7b6 24. h4 {½-½ Aradhya,G (2392)-Mayank,C (2383) Elegant GM Aspirant 2 2024 (4.1)}) ({RR} 9... a5 10. Rc1 Ba6 11. b3 c6 12. Nd6+ Bxd6 13. exd6 cxb3 14. Qxb3 Bxf1 15. Kxf1 Qa7 16. h4 Nd5 17. h5 O-O 18. Rh3 Rd8 19. Rg3 Kf8 20. Ne5 f6 21. Ng6+ hxg6 22. hxg6 Kg8 23. Rh3 Rxd6 24. Qg3 {1-0 Urazayev,A (2476)-Kovac,P (2267) Serbia Open 2024 (8.29)}) 10. b3 cxb3 11. Qxb3 c6 12. Nd6+ Bxd6 13. exd6 Qxd6 14. Bxa6 Nxa6 15. O-O O-O 16. Rfc1 Nd7 17. Rc4 Qd5 18. Qc2 c5 19. dxc5 Ndxc5 20. Be3 Nb7 21. Rd1 Qf5 22. Qb2 Rab8 23. Rf4 Qa5 24. Rg4 f6 25. Bh6 Rf7 26. Rxg7+ Rxg7 27. Bxg7 Rd8 28. Rxd8+ Qxd8 29. h4 Kxg7 30. Qxb7+ Nc7 31. Qxa7 Qd1+ 32. Kh2 Qd6+ 33. g3 Kg6 34. Qb8 Kg7 35. Kg2 Qc6 36. Qc8 e5 37. a5 Kg6 38. Qg8+ Kh6 39. g4 Ne6 40. Kg3 Qd7 41. g5+ Kh5 42. gxf6 e4 43. Ne5 1-0

[Event "Olympiad Women 2024"]
[Site "Budapest HUN"]
[Date "2024.09.16"]
[Round "6.13"]
[Board "3"]
[White "Van Foreest, Machteld"]
[Black "Omonova, Umida"]
[Result "1-0"]
[WhiteElo "2224"]
[BlackElo "2032"]
[PlyCount "87"]
[EventDate "2024.09.11"]
[WhiteTeam "Netherlands"]
[BlackTeam "Uzbekistan"]
[WhiteTeamCountry "NED"]
[BlackTeamCountry "UZB"]

1. e4 e5 2. Nf3 Nc6 3. Bc4 Bc5 4. c3 Nf6 5. d3 a6 6. Bb3 Ba7 7. h3 d6 8. Nbd2 h6 9. Nf1 d5 ({RR} 9... Be6 10. Ng3 O-O 11. O-O d5 12. Qe2 dxe4 13. dxe4 Bxb3 14. axb3 Qd7 15. Nf5 Kh7 16. Rd1 Qe6 17. Bg5 Rad8 18. b4 Bb6 19. Be3 Bxe3 20. Qxe3 Ne7 21. N3h4 Nxf5 22. Nxf5 Rfe8 23. Kh2 Rd7 24. Rxd7 {½-½ Nepomniachtchi,I (2602)-Almasi,Z (2675) EU-ch 8th Dresden 2007 (5)}) 10. Qe2 Qd6 ({RR} 10... dxe4 11. dxe4 O-O 12. Ng3 Be6 13. O-O Kh7 14. Bc2 Qe7 15. a4 Rad8 16. b3 Rfe8 17. a5 g6 18. b4 Ng8 19. Bd2 f6 20. Nh2 Qf7 21. h4 Bc4 22. Qe1 Bxf1 23. Nhxf1 h5 24. Rb1 Nge7 25. Bb3 {1-0 Golubev,M (2461)-Liwak,P (2342) Titled Tue 23rd Jul Early 2024 (3)}) 11. exd5 $146 ({RR} 11. Ng3 O-O 12. O-O Re8 13. Nh4 Ne7 14. Qf3 c6 15. Kh1 Kh7 16. Be3 g6 17. Bxa7 Rxa7 18. Qe3 c5 19. f4 b6 20. fxe5 Qxe5 21. Qf2 Neg8 22. exd5 Rae7 23. Rad1 Qg5 24. Ne4 Nxe4 25. dxe4 f5 {1-0 Nielsen,H (2314)-Henriksen,K (2158) Koge Xtracon op 2015 (7)}) ({RR} 11. Ng3 O-O 12. O-O Re8 13. Nh4 Ne7 14. Kh1 g5 15. Nhf5 Nxf5 16. Nxf5 Bxf5 17. exf5 Kg7 18. Bd2 Qd7 19. g4 d4 20. Qf3 {½-½ Mezioud,A (2079)-Latreche,S (2062) ALG-ch (Women) 2016 (5)}) 11... Nxd5 12. d4 e4 13. Qxe4+ Be6 14. Bxd5 Qxd5 15. Qxd5 Bxd5 16. Bf4 O-O-O 17. Ne3 Rhe8 18. O-O Be4 19. Rad1 Ne7 20. Ne5 f6 21. Nd3 Nd5 22. Nxd5 Bxd5 23. b3 g5 24. Be3 c6 25. Rfe1 f5 26. f3 Bb8 27. Bf2 Rg8 28. c4 Bf7 29. Re7 Rd7 30. Rxd7 Kxd7 31. Ne5+ Bxe5 32. dxe5+ Kc8 33. Bb6 Be6 34. Rd6 Re8 35. h4 f4 36. h5 g4 37. g3 fxg3 38. f4 Kb8 39. Kg2 Kc8 40. Kxg3 Kb8 41. Kf2 Kc8 42. Ke3 Kb8 43. Ke4 g3 44. Kf3 1-0

[Event "Olympiad Women 2024"]
[Site "Budapest HUN"]
[Date "2024.09.16"]
[Round "6.13"]
[Board "4"]
[White "Nadirjanova, Nodira"]
[Black "Kazarian, Anna-Maja"]
[Result "1-0"]
[WhiteElo "2059"]
[BlackElo "2180"]
[PlyCount "83"]
[EventDate "2024.09.11"]
[WhiteTeam "Uzbekistan"]
[BlackTeam "Netherlands"]
[WhiteTeamCountry "UZB"]
[BlackTeamCountry "NED"]

1. d4 d5 2. c4 c6 3. e3 Nf6 4. Nc3 e6 5. Nf3 Nbd7 6. Be2 Bd6 7. O-O Ne4 8. Bd3 $146 ({RR} 8. Nxe4 dxe4 9. Nd2 f5 10. c5 Bc7 11. f4 exf3 12. Nxf3 O-O 13. Bc4 Qe7 14. Qc2 Nf6 15. Qxf5 Kh8 16. Qg5 Bd7 17. Bd2 Qe8 18. Bd3 h6 19. Qg6 Qe7 20. Ne5 Be8 21. Qg3 Rd8 22. Ng6+ Bxg6 {1-0 Voloshin,L (2430)-Kozak,M (2265) CZE-ch op Nymburk 1997}) ({RR} 8. Qc2 f5 9. Rb1 O-O 10. b4 a6 11. a4 g5 12. g3 g4 13. Nh4 Nxc3 14. Qxc3 Nf6 15. f3 gxf3 16. Bxf3 Ne4 17. Bxe4 fxe4 18. Bd2 Bd7 19. c5 Bc7 20. Rxf8+ Qxf8 21. Rf1 Qh6 22. Qc1 Be8 {½-½ Dreev,A (2694)-Gelfand,B (2717) FIDE World Cup 2005 (4.5)}) ({RR} 8. Nxe4 dxe4 9. Nd2 f5 10. c5 Bc7 11. b4 Nf6 12. Nc4 Nd5 13. Qb3 Bd7 14. Ne5 O-O 15. Bd2 Be8 16. f4 exf3 17. Bxf3 Bxe5 18. dxe5 Qh4 19. e4 fxe4 20. g3 Qh3 21. Bxe4 Bg6 22. Bf3 Bh5 {0-1 Nogerbek,K (2480)-Yakubboev,N (2661) Aeroflot Open A 2024 (3.9)}) ({RR} 8. Nd2 f5 9. Ndxe4 fxe4 10. f4 O-O 11. c5 Bc7 12. b4 a6 13. a4 g5 14. Bg4 Nf6 15. Bd2 gxf4 16. exf4 Nxg4 17. Qxg4+ Kh8 18. Be3 Bd7 19. Kh1 Qf6 20. Qh5 Qg7 21. Rf2 Rf6 22. Qe2 Rh6 {½-½ Gurevich,M (2645)-Dorfman,J (2595) GMA-qual f Moscow 1990 (5)}) ({RR} 8. cxd5 Nxc3 9. bxc3 exd5 10. c4 dxc4 11. Bxc4 Nb6 12. Bb3 Bg4 13. Qd3 Bxf3 14. gxf3 Bxh2+ 15. Kxh2 Qh4+ 16. Kg2 {½-½ Bajramovic,H (2208)-Vlatkovic,S (2328) BIH CFFBH-chT1A 2006 (2)}) 8... f5 9. Ne2 Qf6 10. Ne1 O-O 11. f3 Qh4 12. g3 Nxg3 13. hxg3 Bxg3 14. Nxg3 Qxg3+ 15. Ng2 e5 16. Qe1 Qg6 17. cxd5 cxd5 18. Bd2 e4 19. Be2 Nf6 20. f4 Bd7 21. Rc1 Ng4 22. Qh4 Qb6 23. Bxg4 fxg4 24. Bc3 Rad8 25. Kf2 Rf6 26. Rh1 h6 27. Kg1 Rc8 28. Qe1 Kh7 29. Rh2 Qa6 30. a3 Bb5 31. Rh5 Qe6 32. Re5 Qd7 33. Kh2 b6 34. Rc2 Bd3 35. Rd2 Qb5 36. Qd1 g3+ 37. Kxg3 Rg6+ 38. Kh2 Qd7 39. Qh5 Bc4 40. Nh4 Rg4 41. Nf5 Rg6 42. Ne7 1-0

[Event "Olympiad Women 2024"]
[Site "Budapest HUN"]
[Date "2024.09.16"]
[Round "6.14"]
[Board "4"]
[White "Vidic, Teja"]
[Black "Aydin, Gulenay"]
[Result "0-1"]
[WhiteElo "2128"]
[BlackElo "2202"]
[PlyCount "118"]
[EventDate "2024.09.11"]
[WhiteTeam "Slovenia"]
[BlackTeam "Turkiye"]
[WhiteTeamCountry "SLO"]

1. e4 c5 2. Nc3 e6 3. Nge2 Nc6 4. g3 Nf6 5. Bg2 d6 6. d4 cxd4 7. Nxd4 Bd7 8. O-O Be7 9. Nxc6 ({RR} 9. f4 Rc8 10. Be3 Qa5 11. Nb3 Qa6 12. g4 d5 13. exd5 exd5 14. f5 Qc4 15. Rf4 Qa6 16. Ra4 Qxa4 17. Nxa4 Ne5 18. Nac5 Bc6 19. g5 Nfg4 20. Bd4 Bxg5 21. h3 Ne3 22. Bxe3 Bxe3+ 23. Kh1 O-O {0-1 Donatti,A (2193)-Alcazar Jimenez,J (2147) Titled Tue 9th Apr Early 2024 (9)}) ({RR} 9. Re1 Nxd4 10. Qxd4 O-O 11. h3 Qc7 12. Be3 b5 13. a3 Bc6 14. Rad1 Rfd8 15. g4 d5 16. e5 Nd7 17. f4 a5 18. Qd2 Nc5 19. Qf2 Be8 20. f5 b4 21. axb4 axb4 22. Ne2 Ne4 23. Bxe4 dxe4 {1-0 Aydin,G (1975)-Hrebenshchykova,Y (2159) TUR-UKR Friendship U20 rapid 2021 (1.1)}) 9... Bxc6 10. Bf4 O-O $146 ({RR} 10... Qc7 11. Qe2 Nd7 12. Nb5 Qb8 13. Nd4 e5 14. Nxc6 bxc6 15. Be3 O-O 16. Bh3 Nf6 17. Qd3 Qb4 18. Bg5 Rfd8 19. Bxf6 Bxf6 20. b3 a5 21. Bg2 Qc5 22. a3 Rab8 23. Rfd1 g6 24. c4 Be7 25. Rdb1 {0-1 Sergeev,A (2323)-Shomoev,A (2566) Sibiria Region-ch 2011 (8)}) ({RR} 10... a6 11. e5 dxe5 12. Bxc6+ bxc6 13. Bxe5 O-O 14. Qe2 Nd5 15. Na4 f6 16. Bd4 e5 17. Be3 Qa5 18. b3 Rfd8 19. Rad1 Qc7 20. c4 Nxe3 21. Qxe3 Bf8 22. Qe4 a5 23. g4 Rab8 24. h3 h6 25. Kg2 {1-0 Hammer,J (2635)-Movsesian,S (2654) Chess24 Banter Blitz Cup 2019 (2.3)}) 11. e5 dxe5 12. Bxe5 Qb6 13. Qe2 Bxg2 14. Kxg2 Nd7 15. Bf4 Qxb2 16. Nd5 exd5 17. Qxe7 Qb5 18. Rab1 Qc6 19. Qd6 Nb6 20. Qxc6 bxc6 21. Bc7 Rfc8 22. Bf4 h6 23. h4 Nd7 24. Rfe1 Nf8 25. Be5 c5 26. f4 Nd7 27. Rb7 Nb6 28. Bc7 Nc4 29. Kf2 a6 30. Re7 Re8 31. Rd7 d4 32. f5 Ne3 33. Bd6 Nxf5 34. Bxc5 Rac8 35. Rbc7 Rxc7 36. Rxc7 h5 37. Kf3 g6 38. Kf4 Ng7 39. Rc6 Ne6+ 40. Kf3 Nxc5 41. Rxc5 Re3+ 42. Kf4 Ra3 43. g4 hxg4 44. Kxg4 Rxa2 45. h5 gxh5+ 46. Kxh5 a5 47. Rc4 a4 48. Rxd4 Ra1 49. c4 a3 50. Rg4+ Kf8 51. Rg2 a2 52. Kg4 Ke7 53. Kg3 Kd6 54. Kh2 Rh1+ 55. Kxh1 a1=Q+ 56. Kh2 Qh8+ 57. Kg1 Qd4+ 58. Rf2 Ke6 59. Kg2 Qxc4 0-1

[Event "Olympiad Women 2024"]
[Site "Budapest HUN"]
[Date "2024.09.16"]
[Round "6.15"]
[Board "1"]
[White "Borosova, Zuzana"]
[Black "Bulmaga, Irina"]
[Result "0-1"]
[WhiteElo "2205"]
[BlackElo "2406"]
[PlyCount "74"]
[EventDate "2024.09.11"]
[WhiteTeam "Slovakia"]
[BlackTeam "Romania"]
[WhiteTeamCountry "SVK"]
[BlackTeamCountry "ROU"]

1. e4 e5 2. Nf3 Nc6 3. Bc4 Bc5 4. c3 Nf6 5. d4 exd4 6. b4 Bb6 7. e5 d5 8. exf6 dxc4 9. Qe2+ Be6 10. b5 Nb4 11. cxb4 Qxf6 12. O-O O-O 13. a4 c6 ({RR} 13... a5 14. bxa5 Rxa5 15. Bg5 Qf5 16. Bd2 c3 17. Nxc3 dxc3 18. Bxc3 Raa8 19. Nd4 Bxd4 20. Bxd4 c6 21. bxc6 bxc6 22. Qe5 Qxe5 23. Bxe5 f6 24. Bd4 Rfb8 25. a5 Rb5 26. Rfc1 Raxa5 27. Rxa5 Rxa5 28. Rxc6 {½-½ Rossi,G (1941)-Mannion,S (2135) Maia Chess Open 2024 (8.35)}) 14. bxc6 Bd5 $146 ({RR} 14... bxc6 15. a5 Bc7 16. Qe4 Rad8 17. Qxc6 Rc8 18. Qe4 d3 19. Ra3 Bf5 20. Qd4 Qc6 21. Nc3 Rfd8 22. b5 Qg6 23. Qh4 Bd6 24. Ra2 Re8 25. b6 axb6 26. axb6 Rb8 27. Be3 Bb4 28. Nd5 Bf8 29. Rb2 {0-1 Schut,H (2101)-Petesch,G (2330) Titled Tuesday intern op 12th Oct blitz 2021 (3)}) 15. Qe5 Qxe5 16. Nxe5 bxc6 17. Na3 c3 18. Bf4 g5 19. a5 gxf4 20. axb6 axb6 21. Nc2 Rxa1 22. Rxa1 f6 23. Nd3 Bc4 24. Nce1 Rc8 25. Nxf4 c5 26. bxc5 bxc5 27. f3 Bb3 28. Nfd3 c4 29. Nc1 Bd1 30. Kf2 Re8 31. Ra2 Bb3 32. Re2 Rd8 33. Nxb3 cxb3 34. Nd3 Rb8 35. Re1 b2 36. Nxb2 Rxb2+ 37. Kf1 c2 0-1

[Event "Olympiad Women 2024"]
[Site "Budapest HUN"]
[Date "2024.09.16"]
[Round "6.15"]
[Board "2"]
[White "Voicu-Jagodzinsky, Carmen"]
[Black "Repkova, Eva"]
[Result "0-1"]
[WhiteElo "2271"]
[BlackElo "2319"]
[PlyCount "110"]
[EventDate "2024.09.11"]
[WhiteTeam "Romania"]
[BlackTeam "Slovakia"]
[WhiteTeamCountry "ROU"]
[BlackTeamCountry "SVK"]

1. e4 d5 2. exd5 Qxd5 3. Nc3 Qa5 4. d4 Nf6 5. Nf3 Bf5 6. Bc4 e6 7. Bd2 Bb4 8. a3 Bxc3 9. Bxc3 Qb6 10. O-O Nc6 11. a4 a5 12. Ra3 ({RR} 12. h3 O-O 13. Qe2 Rad8 14. Rfd1 Be4 15. Nd2 Bxc2 16. Rdc1 Bg6 17. Nb3 Nd5 18. Bb5 Ncb4 19. Bc4 c6 20. Nc5 Qc7 21. Bb3 Rfe8 22. Rd1 h6 23. Be1 Qb6 24. Qe5 Nf6 25. Rac1 Nbd5 26. Bd2 Nd7 {0-1 Svane,F (2625)-Mamedyarov,S (2726) Titled Tue 2nd Jan Early 2024 (6)}) ({RR} 12. Ne5 Nxe5 13. dxe5 Ne4 14. Bd4 Qb4 15. Qe2 Qd2 16. Be3 Qxe2 17. Bxe2 b6 18. Bb5+ Ke7 19. Ra3 Rad8 20. f3 Nc5 21. Rc3 Rd5 22. Bc6 Rxe5 23. f4 Rxe3 24. Rxe3 Bxc2 25. Rc1 Bf5 26. Rd1 h5 {½-½ Yuan,Q (2360)-Baches Garcia,G (2322) Titled Tue 23rd Apr Early 2024 (5)}) 12... O-O 13. Ne5 Nxe5 $146 ({RR} 13... Rfd8 14. Rb3 Qa7 15. Nxc6 bxc6 {1-0 Klepek,W (2216)-Diermair,A (2446) European Blitz 2022 (16.91)}) 14. dxe5 Rfd8 15. Qe2 Bg4 16. Qe3 Qxe3 17. fxe3 Nd5 18. Bxd5 Rxd5 19. Bd4 Bf5 20. c4 Rd7 21. Rc3 h6 22. h3 Rad8 23. Rf2 Be4 24. Kh2 c5 25. Bxc5 Rd2 26. Kg3 Rxf2 27. Kxf2 Rd2+ 28. Ke1 Rxb2 29. g3 Rg2 30. Bb6 Rxg3 31. h4 Rg1+ 32. Kf2 Rg2+ 33. Ke1 Ra2 34. Bxa5 Rxa4 35. Bd8 Ra2 36. c5 Rg2 37. Ra3 Kh7 38. Kf1 Kg6 39. Ra4 Rg4 40. Rd4 h5 41. Rd6 Bd5 42. Kf2 Rc4 43. Be7 Kf5 44. Bf8 Kg6 45. Be7 Re4 46. Rb6 Rxe5 47. Rb1 f6 48. Rg1+ Kf7 49. Bd6 Re4 50. Bg3 Rc4 51. Re1 Bc6 52. Re2 Rxc5 53. e4 e5 54. Re3 Rc4 55. Kf3 Ke6 0-1